000 00748cam a22002651 4500
001 28386
003 BD-RjUL
005 20211209051257.0
008 140330s1967 nyu 001 0 eng d
035 _a(BD-RjUL)28467
040 _aDLC
_cDLC
_dDLC
_dBD-RjUL
_beng
041 _aeng
082 0 0 _a614.58
_bCAI 1967
100 1 _aCasson, Frederick Ronald Christopher,
_d1910-
_986924
245 1 0 _aIt's healthy to be human /
_cby F. R. C. Casson.
260 _aLondon :
_bGeorge Allen,
_c c1967.
300 _a224 p. ;
_c22 cm.
504 _aIncludes Index
650 0 _aMental health.
_986925
650 0 _aInstinct.
_93691
650 0 _aGenetic psychology.
_938684
942 _2ddc
_cBK
999 _c28386
_d28386